Najpopularniejsze męskie imiona w Europie - Statystyki

Ogólne statystyki
  • Ten quiz został rozwiązany 11 razy
  • Średni wynik to 1 z 27
Statystyki odpowiedzi
Państwo Imię % Poprawnych
Polska Piotr
89%
Irlandia Jack
11%
Irlandia Północna James
11%
Islandia Alexander
0%
Węgry Bence
0%
Wyspy Owcze Benjamin
0%
Holandia Daan
0%
Armenia Davit
0%
Francja Gabriel
0%
Hiszpania Hugo
0%
Szkocja Jack
0%
Czechy Jakub
0%
Portugalia Joao
0%
Litwa Jonas
0%
Finlandia Juhani
0%
Włochy Leonardo
0%
Belgia Liam
0%
Słowenia Luka
0%
Norwegia Lukas
0%
Ukraina Matwij
0%
Austria Maximilian
0%
Niemcy Maximilian
0%
Szwajcaria Noah
0%
Anglia i Walia Oliver
0%
Dania William
0%
Szwecja William
0%
Turcja Yusuf
0%
Nie znaleziono quizów pasujących do podanych kryteriów
Rozkład punktacji
Procent ludzi z każdym wynikiem
Percentyl według liczby udzielonych odpowiedzi
Twoja historia wyników
Nie rozwiązałeś tego quizu